[Event "Muensterland Verbandsklasse-B 1112"]
[Site "Germany"]
[Date "2011.12.10"]
[Round "4.2"]
[White "Bruemmer, Andreas"]
[Black "Wetterau, Georg"]
[Result "1-0"]
[WhiteElo "1902"]
[BlackElo "1847"]
[PlyCount "111"]
[EventDate "2011.09.17"]
[EventType "team-tourn"]
[EventRounds "9"]
[EventCountry "GER"]
[SourceTitle "EXT 2013"]
[Source "ChessBase"]
[SourceDate "2012.11.22"]
[SourceVersion "1"]
[SourceVersionDate "2012.11.22"]
[SourceQuality "1"]
[WhiteTeam "Rheine Klein Berlin II"]
[BlackTeam "Nordwalde"]
[WhiteTeamCountry "GER"]
[BlackTeamCountry "GER"]

1. d4 Nf6 2. Nf3 d5 3. c4 c6 4. Qb3 g6 5. Nc3 Bg7 6. e3 0-0 7. Bd2 a5 8. cxd5 cxd5 9. Bd3 Nc6 10. a3 Qd6 11. h3 Bd7 12. Rc1 a4 13. Nxa4 Nxd4 14. exd4 Bxa4 15. Qb4 Qe6+ 16. Be3 Ne4 17. 0-0 Bc6 18. Rfe1 Ra4 19. Qb3 Raa8 20. Ng5 Qd6 21. Nf3 Qe6 22. Qb4 Ra4 23. Qb6 Qd7 24. Bf4 f6 25. Qb3 Kh8 26. Rxc6 Rxd4 27. Rb6 Nc5 28. Qc3 Nxd3 29. Qxd4 Nxe1 30. Nxe1 e5 31. Qb4 exf4 32. Rxb7 Qd8 33. Nf3 f5 34. a4 d4 35. a5 Qa8 36. Qe7 Rg8 37. Ng5 h6 38. Nf7+ Kh7 39. Nxh6 Qxb7 40. Qxb7 Kxh6 41. Qd5 Re8 42. a6 Re1+ 43. Kh2 Ra1 44. Qd6 d3 45. Qxf4+ Kh7 46. Qh4+ Bh6 47. Qe7+ Bg7 48. Qd7 Rxa6 49. Qxd3 Ra2 50. f4 Rxb2 51. h4 Rb4 52. g3 Bd4 53. h5 Rb2+ 54. Kh1 Bg7 55. g4 gxh5 56. Qxf5+ 1-0

[Event "Muensterland Verbandsklasse-B 0910"]
[Site "Germany"]
[Date "2009.09.19"]
[Round "1.1"]
[White "Hoeing, Johannes"]
[Black "Wetterau, Georg"]
[Result "1/2-1/2"]
[WhiteElo "1955"]
[BlackElo "1895"]
[PlyCount "24"]
[EventDate "2009.09.19"]
[EventType "team-tourn"]
[EventRounds "9"]
[EventCountry "GER"]
[SourceTitle "EXT 2011"]
[Source "ChessBase"]
[SourceDate "2010.11.26"]
[SourceVersion "1"]
[SourceVersionDate "2010.11.26"]
[SourceQuality "1"]
[WhiteTeam "Suedlohn II"]
[BlackTeam "Nordwalde"]
[WhiteTeamCountry "GER"]
[BlackTeamCountry "GER"]

1. Nf3 Nc6 2. d4 d5 3. c4 e5 4. e3 exd4 5. Nxd4 Nf6 6. cxd5 Qxd5 7. Nc3 Bb4 8. Bd2 Bxc3 9. Bxc3 0-0 10. Nb5 Qf5 11. Qf3 Qxf3 12. gxf3 Nd5 1/2-1/2